00539cam a22001812 4500001001100000005001700011008004100028020000800069040001500077050001800092100002900110245005900139260002600198300001100224600004100235600004300276600003800319000000086820151217155805.0070221s xx 000 0 eng d cKES aKABUcKABU 0aDT402.3b.L491 aLewis, I. M.@000014925910aPeople of the Horn of AFrica :bSomali, Afar and Saho. aLondon :bIAI,c1955. a200 p.10aSomalis (African people)@000014926010aAfar (Afar(African people)@000014926110aSaho (African people)@0000149262